[Event "escc2023_65"]
[Site "?"]
[Date "2023.05.31"]
[Round "6.1"]
[White "Fernandez Garcia, Jose Luis"]
[Black "Nunn, John D M"]
[Result "1/2-1/2"]
[BlackElo "2579"]
[WhiteElo "2370"]
[LiveChessVersion "1.4.8"]

1. e4 {[%clk 1:29:58]} c5 {[%clk 1:30:51]} 2. Nf3 {[%clk 1:30:18]} d6
{[%clk 1:31:12]} 3. d4 {[%clk 1:30:36]} Nf6 {[%clk 1:31:24]} 4. Nc3
{[%clk 1:30:51]} cxd4 {[%clk 1:31:46]} 5. Nxd4 {[%clk 1:31:15]} a6
{[%clk 1:32:06]} 6. Bd3 {[%clk 1:31:40]} Nc6 {[%clk 1:30:46]} 7. Nxc6
{[%clk 1:30:53]} bxc6 {[%clk 1:31:09]} 8. O-O {[%clk 1:31:17]} g6
{[%clk 1:26:27]} 9. b3 {[%clk 1:30:35]} Bg7 {[%clk 1:26:42]} 10. Bb2
{[%clk 1:31:00]} O-O {[%clk 1:26:40]} 11. Na4 {[%clk 1:31:16]} d5
{[%clk 1:17:32]} 12. exd5 {[%clk 1:25:27]} cxd5 {[%clk 1:17:40]} 13. Be5
{[%clk 1:23:35]} Ng4 {[%clk 1:14:36]} 14. Bxg7 {[%clk 1:23:47]} Qd6
{[%clk 1:14:37]} 15. f4 {[%clk 1:19:03]} Kxg7 {[%clk 1:14:19]} 16. Be2
{[%clk 1:19:05]} Nh6 {[%clk 1:05:39]} 1/2-1/2

[Event "escc2023_65"]
[Site "?"]
[Date "2023.05.31"]
[Round "6.2"]
[White "Schulz, Michael"]
[Black "Ftacnik, Lubomir"]
[Result "0-1"]
[BlackElo "2456"]
[WhiteElo "2215"]
[LiveChessVersion "1.4.8"]

1. d4 {[%clk 1:30:57]} Nf6 {[%clk 1:30:52]} 2. Bg5 {[%clk 1:31:22]} d5
{[%clk 1:31:15]} 3. Bxf6 {[%clk 1:31:29]} gxf6 {[%clk 1:31:36]} 4. e3
{[%clk 1:31:56]} c5 {[%clk 1:31:40]} 5. Nc3 {[%clk 1:31:54]} Nc6 {[%clk 1:31:23]}
6. dxc5 {[%clk 1:30:31]} e6 {[%clk 1:31:36]} 7. Qh5 {[%clk 1:30:49]} Bxc5
{[%clk 1:31:33]} 8. O-O-O {[%clk 1:31:12]} Qe7 {[%clk 1:31:42]} 9. Bb5
{[%clk 1:29:00]} Bd7 {[%clk 1:30:46]} 10. Nge2 {[%clk 1:28:24]} O-O-O
{[%clk 1:26:22]} 11. e4 {[%clk 1:18:49]} d4 {[%clk 1:14:51]} 12. Na4
{[%clk 1:18:58]} e5 {[%clk 1:14:36]} 13. Nf4 {[%clk 1:15:10]} Bd6
{[%clk 0:39:53]} 14. Nd5 {[%clk 1:11:42]} Qe6 {[%clk 0:39:41]} 15. Bc4
{[%clk 1:05:55]} Qg4 {[%clk 0:40:04]} 16. Qxg4 {[%clk 1:02:34]} Bxg4
{[%clk 0:40:20]} 17. f3 {[%clk 0:59:05]} Be6 {[%clk 0:40:41]} 18. a3
{[%clk 0:55:19]} f5 {[%clk 0:38:52]} 19. b4 {[%clk 0:55:17]} Kb8 {[%clk 0:30:49]}
20. exf5 {[%clk 0:53:26]} Bxf5 {[%clk 0:31:14]} 21. Nf6 {[%clk 0:53:39]} Be7
{[%clk 0:29:42]} 22. Ne4 {[%clk 0:53:17]} Bg6 {[%clk 0:29:02]} 23. Rhe1
{[%clk 0:48:49]} a5 {[%clk 0:26:44]} 24. Nec5 {[%clk 0:44:33]} axb4
{[%clk 0:23:27]} 25. axb4 {[%clk 0:44:55]} Bg5+ {[%clk 0:18:12]} 26. Kb2
{[%clk 0:44:20]} Nxb4 {[%clk 0:18:07]} 27. Nd3 {[%clk 0:38:53]} Nxd3+
{[%clk 0:16:10]} 28. cxd3 {[%clk 0:38:59]} Rhe8 {[%clk 0:15:39]} 29. Rb1
{[%clk 0:36:43]} Rd6 {[%clk 0:12:50]} 30. Kc2 {[%clk 0:36:17]} Rc8
{[%clk 0:11:32]} 31. Kd1 {[%clk 0:34:53]} Rxc4 {[%clk 0:11:43]} 0-1

[Event "escc2023_65"]
[Site "?"]
[Date "2023.05.31"]
[Round "6.3"]
[White "Koehler, Gerhard"]
[Black "Polster, Wolfgang"]
[Result "0-1"]
[BlackElo "2189"]
[WhiteElo "2205"]
[LiveChessVersion "1.4.8"]

1. c4 {[%clk 1:30:58]} e5 {[%clk 1:30:22]} 2. g3 {[%clk 1:31:09]} Nf6
{[%clk 1:30:23]} 3. Bg2 {[%clk 1:31:22]} h6 {[%clk 1:30:05]} 4. Nc3
{[%clk 1:30:09]} Bb4 {[%clk 1:29:52]} 5. Nf3 {[%clk 1:25:15]} e4 {[%clk 1:29:16]}
6. Nd4 {[%clk 1:25:26]} Bxc3 {[%clk 1:26:44]} 7. dxc3 {[%clk 1:23:43]} O-O
{[%clk 1:26:35]} 8. O-O {[%clk 1:24:05]} c6 {[%clk 1:25:42]} 9. Bf4
{[%clk 1:20:38]} d5 {[%clk 1:25:35]} 10. cxd5 {[%clk 1:20:57]} cxd5
{[%clk 1:22:39]} 11. Qb3 {[%clk 1:16:19]} Nc6 {[%clk 1:21:50]} 12. Rad1
{[%clk 1:15:35]} Bg4 {[%clk 1:20:40]} 13. f3 {[%clk 1:13:19]} Na5
{[%clk 1:18:20]} 14. Qc2 {[%clk 1:09:34]} exf3 {[%clk 1:18:25]} 15. exf3
{[%clk 1:09:57]} Bd7 {[%clk 1:18:27]} 16. Rfe1 {[%clk 1:08:24]} Re8
{[%clk 1:18:31]} 17. Bf1 {[%clk 1:07:50]} Qb6 {[%clk 1:17:28]} 18. Kg2
{[%clk 1:00:40]} Rac8 {[%clk 1:16:43]} 19. Qf2 {[%clk 0:57:13]} Nc4
{[%clk 1:10:40]} 20. Bc1 {[%clk 0:54:26]} Ne5 {[%clk 1:00:03]} 21. Qc2
{[%clk 0:47:35]} Qa5 {[%clk 0:56:35]} 22. Qb1 {[%clk 0:46:49]} a6
{[%clk 0:52:50]} 23. Nb3 {[%clk 0:45:26]} Qa4 {[%clk 0:49:43]} 24. Nd4
{[%clk 0:36:43]} Qa5 {[%clk 0:49:34]} 25. Bf4 {[%clk 0:34:27]} Nc4
{[%clk 0:46:30]} 26. Bc1 {[%clk 0:31:56]} Qb6 {[%clk 0:44:23]} 27. b3
{[%clk 0:21:23]} Ne5 {[%clk 0:40:13]} 28. Bb2 {[%clk 0:19:20]} h5
{[%clk 0:34:59]} 29. h4 {[%clk 0:18:31]} Qc7 {[%clk 0:33:33]} 30. Qc1
{[%clk 0:17:11]} Re7 {[%clk 0:33:06]} 31. Qf4 {[%clk 0:12:16]} Ree8
{[%clk 0:26:26]} 32. Rd2 {[%clk 0:08:21]} Nh7 {[%clk 0:24:51]} 33. Nf5
{[%clk 0:04:14]} f6 {[%clk 0:25:06]} 34. Ne3 {[%clk 0:03:43]} Qa5
{[%clk 0:23:01]} 35. a3 {[%clk 0:02:52]} Bc6 {[%clk 0:22:38]} 36. Nf5
{[%clk 0:02:51]} Rcd8 {[%clk 0:21:53]} 37. Nd4 {[%clk 0:02:58]} Kf7
{[%clk 0:20:42]} 38. Qf5 {[%clk 0:02:32]} g6 {[%clk 0:21:03]} 39. Qc2
{[%clk 0:02:35]} Nf8 {[%clk 0:19:53]} 40. Rde2 {[%clk 0:02:36]} Bd7
{[%clk 0:19:49]} 41. Re3 {[%clk 0:23:20]} Qb6 {[%clk 0:46:22]} 42. c4
{[%clk 0:17:00]} Rc8 {[%clk 0:46:18]} 43. f4 {[%clk 0:17:02]} Ng4
{[%clk 0:46:21]} 44. Rxe8 {[%clk 0:17:23]} Rxe8 {[%clk 0:45:46]} 45. Rxe8
{[%clk 0:17:41]} Bxe8 {[%clk 0:45:58]} 46. Qd2 {[%clk 0:17:26]} Bc6
{[%clk 0:45:57]} 47. Nxc6 {[%clk 0:14:39]} bxc6 {[%clk 0:46:13]} 48. c5
{[%clk 0:10:01]} Qxb3 {[%clk 0:46:15]} 49. Bxa6 {[%clk 0:10:19]} Ne6
{[%clk 0:46:12]} 50. Be2 {[%clk 0:08:55]} Nxc5 {[%clk 0:41:18]} 51. Qc3
{[%clk 0:08:03]} Qxc3 {[%clk 0:40:32]} 52. Bxc3 {[%clk 0:08:32]} Na4
{[%clk 0:39:43]} 53. Bd2 {[%clk 0:08:46]} Ke6 {[%clk 0:39:14]} 54. Bd1
{[%clk 0:08:54]} Nb2 {[%clk 0:39:07]} 55. Bc2 {[%clk 0:09:05]} Nc4
{[%clk 0:39:25]} 0-1

[Event "escc2023_65"]
[Site "?"]
[Date "2023.05.31"]
[Round "6.4"]
[White "Luciani, Carlo"]
[Black "Kierzek, Matthias"]
[Result "1/2-1/2"]
[BlackElo "2163"]
[WhiteElo "2197"]
[LiveChessVersion "1.4.8"]

1. e4 {[%clk 1:30:58]} c6 {[%clk 1:30:54]} 2. Nc3 {[%clk 1:31:05]} d5
{[%clk 1:31:18]} 3. Nf3 {[%clk 1:31:26]} Bg4 {[%clk 1:31:40]} 4. h3
{[%clk 1:31:15]} Bxf3 {[%clk 1:32:02]} 5. Qxf3 {[%clk 1:31:36]} e6
{[%clk 1:32:28]} 6. d3 {[%clk 1:31:21]} Nd7 {[%clk 1:31:57]} 7. Bd2
{[%clk 1:30:45]} Bc5 {[%clk 1:30:47]} 8. g3 {[%clk 1:26:44]} Ne7 {[%clk 1:27:39]}
9. Bg2 {[%clk 1:26:35]} a5 {[%clk 1:09:13]} 10. O-O {[%clk 1:20:31]} O-O
{[%clk 1:09:25]} 11. h4 {[%clk 1:15:07]} d4 {[%clk 1:02:10]} 12. Nd1
{[%clk 1:06:31]} a4 {[%clk 0:57:37]} 1/2-1/2

[Event "escc2023_65"]
[Site "?"]
[Date "2023.05.31"]
[Round "6.5"]
[White "Madebrink, Lars"]
[Black "Renman, Nils-Gustaf"]
[Result "0-1"]
[BlackElo "2331"]
[WhiteElo "2136"]
[LiveChessVersion "1.4.8"]

1. c4 {[%clk 1:30:48]} e6 {[%clk 1:30:20]} 2. d4 {[%clk 1:31:01]} d5
{[%clk 1:30:45]} 3. Nc3 {[%clk 1:30:34]} Nf6 {[%clk 1:31:04]} 4. Nf3
{[%clk 1:28:28]} c6 {[%clk 1:31:10]} 5. e3 {[%clk 1:28:22]} Nbd7 {[%clk 1:31:31]}
6. Bd3 {[%clk 1:27:41]} dxc4 {[%clk 1:29:44]} 7. Bxc4 {[%clk 1:28:04]} b5
{[%clk 1:30:08]} 8. Be2 {[%clk 1:28:02]} a6 {[%clk 1:27:44]} 9. O-O
{[%clk 1:26:24]} Bb7 {[%clk 1:25:08]} 10. e4 {[%clk 1:24:39]} c5 {[%clk 1:20:00]}
11. a4 {[%clk 1:20:42]} cxd4 {[%clk 1:12:37]} 12. e5 {[%clk 1:18:39]} dxc3
{[%clk 1:11:37]} 13. exf6 {[%clk 1:19:01]} b4 {[%clk 1:10:33]} 14. bxc3
{[%clk 1:15:31]} Nxf6 {[%clk 1:00:10]} 15. Qb3 Bd5 {[%clk 0:51:41]} 16. c4
{[%clk 0:53:23]} Be4 {[%clk 0:49:55]} 17. Rd1 {[%clk 0:40:53]} Qa5
{[%clk 0:46:27]} 18. Bb2 {[%clk 0:32:37]} Bc5 {[%clk 0:40:55]} 19. Nd2
{[%clk 0:31:10]} Bg6 {[%clk 0:24:32]} 20. Qf3 {[%clk 0:28:08]} O-O
{[%clk 0:24:35]} 21. Bxf6 {[%clk 0:27:22]} gxf6 {[%clk 0:25:03]} 22. Nb3
{[%clk 0:27:33]} Qc7 {[%clk 0:25:23]} 23. Nxc5 {[%clk 0:27:52]} Qxc5 24. Qxf6 a5
{[%clk 0:20:50]} 25. Rd7 {[%clk 0:21:50]} Ra7 {[%clk 0:19:15]} 26. Rxa7
{[%clk 0:20:43]} Qxa7 {[%clk 0:19:43]} 27. h4 {[%clk 0:21:01]} Qc5
{[%clk 0:16:54]} 28. g4 {[%clk 0:13:00]} h6 {[%clk 0:16:07]} 29. h5
{[%clk 0:12:29]} Bc2 {[%clk 0:16:31]} 30. Qxh6 {[%clk 0:11:05]} Qe5
{[%clk 0:16:40]} 31. Re1 {[%clk 0:08:22]} Qc3 {[%clk 0:15:39]} 32. Qg5+
{[%clk 0:06:32]} Kh7 {[%clk 0:15:57]} 33. Rc1 {[%clk 0:06:10]} b3
{[%clk 0:13:48]} 34. Qe7 {[%clk 0:03:43]} b2 {[%clk 0:10:59]} 35. Rf1
{[%clk 0:04:01]} Kg8 {[%clk 0:08:09]} 36. Qb7 {[%clk 0:03:36]} Qe5
{[%clk 0:06:12]} 37. f4 {[%clk 0:01:19]} Qe3+ {[%clk 0:05:36]} 0-1

[Event "escc2023_65"]
[Site "?"]
[Date "2023.05.31"]
[Round "6.6"]
[White "Gaprindashvili, Nona"]
[Black "Vepkhvishvili, Varlam"]
[Result "1/2-1/2"]
[BlackElo "2037"]
[WhiteElo "2274"]
[LiveChessVersion "1.4.8"]

1. d4 {[%clk 1:30:54]} Nf6 {[%clk 1:30:10]} 2. c4 {[%clk 1:31:18]} g6
{[%clk 1:30:29]} 3. Nc3 {[%clk 1:31:40]} Bg7 {[%clk 1:30:44]} 4. e4
{[%clk 1:32:08]} d6 {[%clk 1:31:04]} 5. Be2 {[%clk 1:32:32]} O-O {[%clk 1:30:51]}
6. Bg5 {[%clk 1:32:56]} c5 {[%clk 1:31:00]} 7. d5 {[%clk 1:33:07]} a6
{[%clk 1:31:13]} 8. a4 {[%clk 1:23:29]} h6 {[%clk 1:31:01]} 9. Bf4
{[%clk 1:23:17]} Nbd7 {[%clk 1:31:11]} 10. Nf3 {[%clk 1:23:30]} Ng4
{[%clk 1:29:28]} 11. O-O {[%clk 1:20:01]} Nge5 {[%clk 1:28:11]} 12. Qd2
{[%clk 1:16:44]} Nxf3+ {[%clk 1:26:53]} 13. Bxf3 {[%clk 1:17:12]} Ne5
{[%clk 1:26:57]} 14. Be2 {[%clk 1:17:06]} g5 {[%clk 1:26:52]} 15. Bg3
{[%clk 1:16:52]} Ng6 {[%clk 1:26:59]} 16. a5 {[%clk 1:10:22]} Bd7
{[%clk 1:25:32]} 17. Na4 {[%clk 1:07:34]} Bxa4 {[%clk 1:24:46]} 18. Rxa4
{[%clk 1:08:02]} Rb8 {[%clk 1:23:55]} 19. Rb1 {[%clk 1:00:30]} Qd7
{[%clk 1:23:03]} 20. Ra3 {[%clk 0:56:25]} b6 {[%clk 1:22:12]} 21. b4
{[%clk 0:50:31]} cxb4 {[%clk 1:09:17]} 22. Qxb4 {[%clk 0:48:49]} Bd4
{[%clk 1:09:27]} 23. Qd2 {[%clk 0:49:00]} Bc5 {[%clk 1:09:18]} 24. Rab3
{[%clk 0:49:00]} Qc7 {[%clk 1:04:45]} 25. Qb2 {[%clk 0:49:08]} Rb7
{[%clk 1:04:01]} 26. axb6 {[%clk 0:49:11]} Qd7 {[%clk 1:03:19]} 27. Ra1
{[%clk 0:45:34]} f5 {[%clk 1:03:07]} 28. exf5 {[%clk 0:45:05]} Qxf5
{[%clk 1:03:23]} 29. Bd3 {[%clk 0:44:09]} Qf7 {[%clk 1:02:57]} 30. Bxg6
{[%clk 0:42:48]} Qxg6 {[%clk 1:03:21]} 31. Rxa6 {[%clk 0:41:08]} Qe4
{[%clk 1:00:28]} 32. Qb1 {[%clk 0:38:14]} Qxb1+ 33. Rxb1 {[%clk 0:38:42]} Rfb8
{[%clk 0:59:42]} 34. Ra5 {[%clk 0:29:48]} Rxb6 {[%clk 0:57:23]} 35. Rab5
{[%clk 0:30:17]} Ra8 {[%clk 0:57:02]} 36. Kf1 {[%clk 0:29:52]} Rba6
{[%clk 0:57:12]} 37. Ke2 {[%clk 0:29:10]} Ra2+ {[%clk 0:52:56]} 38. R5b2
{[%clk 0:12:09]} Bd4 {[%clk 0:53:10]} 39. Rxa2 {[%clk 0:11:31]} Rxa2+
{[%clk 0:53:30]} 40. Kf3 {[%clk 0:11:49]} Rc2 {[%clk 0:48:43]} 41. h4
{[%clk 0:08:33]} Rxc4 {[%clk 0:48:43]} 42. hxg5 {[%clk 0:08:49]} hxg5
{[%clk 0:49:06]} 43. Re1 {[%clk 0:08:15]} Bf6 {[%clk 0:48:12]} 1/2-1/2

[Event "escc2023_65"]
[Site "?"]
[Date "2023.05.31"]
[Round "6.7"]
[White "Gal, Moshe"]
[Black "Rooze, Jan"]
[Result "1-0"]
[BlackElo "2268"]
[WhiteElo "2095"]
[LiveChessVersion "1.4.8"]

1. d4 {[%clk 1:30:57]} Nf6 {[%clk 1:30:56]} 2. Bf4 {[%clk 1:31:23]} e6
{[%clk 1:31:00]} 3. e3 {[%clk 1:31:46]} c5 {[%clk 1:30:51]} 4. Nf3
{[%clk 1:32:06]} Nc6 {[%clk 1:31:08]} 5. Nbd2 {[%clk 1:31:46]} d5
{[%clk 1:30:33]} 6. c3 {[%clk 1:31:58]} Nh5 {[%clk 1:30:09]} 7. dxc5
{[%clk 1:28:31]} Nxf4 {[%clk 1:29:38]} 8. exf4 {[%clk 1:28:58]} Bxc5
{[%clk 1:29:54]} 9. Bd3 {[%clk 1:28:21]} h6 {[%clk 1:18:28]} 10. O-O
{[%clk 1:26:39]} Bd7 {[%clk 1:08:38]} 11. Ne5 {[%clk 1:24:41]} Nxe5
{[%clk 1:05:21]} 12. fxe5 {[%clk 1:25:00]} Qc7 {[%clk 1:04:11]} 13. Qe2
{[%clk 1:23:15]} O-O {[%clk 1:03:05]} 14. Nb3 {[%clk 1:21:09]} Be7
{[%clk 0:59:09]} 15. Nd4 {[%clk 1:18:48]} Rae8 {[%clk 0:59:02]} 16. f4
{[%clk 1:17:50]} Bd8 {[%clk 0:41:14]} 17. Rae1 {[%clk 1:14:10]} Re7
{[%clk 0:36:44]} 18. Bb1 {[%clk 1:10:32]} Qc4 {[%clk 0:33:16]} 19. Qc2
{[%clk 1:04:02]} g6 {[%clk 0:33:07]} 20. Qd2 {[%clk 1:03:47]} Kg7
{[%clk 0:32:30]} 21. Rf3 {[%clk 1:00:51]} Bb6 {[%clk 0:31:25]} 22. Rh3
{[%clk 0:58:19]} f5 {[%clk 0:28:15]} 23. Kh1 {[%clk 0:51:46]} Ref7
{[%clk 0:23:45]} 24. Rg3 {[%clk 0:50:42]} Bd8 {[%clk 0:23:24]} 25. Rf3
{[%clk 0:45:37]} Kh8 {[%clk 0:19:52]} 26. Rh3 {[%clk 0:43:01]} Rh7
{[%clk 0:19:34]} 27. Rg1 {[%clk 0:37:48]} g5 {[%clk 0:18:50]} 28. Bd3
{[%clk 0:38:00]} Qc7 {[%clk 0:17:58]} 29. g4 {[%clk 0:38:16]} gxf4
{[%clk 0:09:14]} 30. gxf5 {[%clk 0:37:41]} exf5 {[%clk 0:09:11]} 31. e6
{[%clk 0:36:55]} Bc6 {[%clk 0:09:29]} 32. Rg6 {[%clk 0:36:30]} Bg5
{[%clk 0:09:11]} 33. Nxc6 {[%clk 0:32:56]} bxc6 {[%clk 0:09:08]} 34. Qe2
{[%clk 0:29:45]} c5 {[%clk 0:08:51]} 35. Rxg5 {[%clk 0:29:41]} f3
{[%clk 0:07:16]} 36. e7 {[%clk 0:29:44]} Re8 {[%clk 0:06:27]} 37. Qe6
{[%clk 0:29:53]} Qxe7 {[%clk 0:06:11]} 38. Qxe7 {[%clk 0:27:38]} Rexe7
{[%clk 0:06:33]} 39. Rg1 {[%clk 0:28:00]} c4 {[%clk 0:02:55]} 40. Bxf5
{[%clk 0:26:31]} f2 {[%clk 0:03:13]} 41. Rf1 {[%clk 0:26:44]} Re1
{[%clk 0:28:05]} 42. Kg2 {[%clk 0:57:00]} Rxf1 {[%clk 0:28:19]} 43. Kxf1
{[%clk 0:57:13]} Rb7 {[%clk 0:28:44]} 44. Rxh6+ {[%clk 0:56:15]} Kg8
{[%clk 0:29:09]} 45. Re6 {[%clk 0:56:23]} 1-0

[Event "escc2023_65"]
[Site "?"]
[Date "2023.05.31"]
[Round "6.8"]
[White "Pomes Marcet, Joan"]
[Black "Serra Olives, Tomas"]
[Result "1-0"]
[BlackElo "2004"]
[WhiteElo "2239"]
[LiveChessVersion "1.4.8"]

1. d4 {[%clk 1:30:57]} Nf6 {[%clk 1:30:52]} 2. c4 {[%clk 1:31:20]} g6
{[%clk 1:31:03]} 3. Nc3 {[%clk 1:31:41]} d5 {[%clk 1:31:25]} 4. cxd5
{[%clk 1:31:39]} Nxd5 {[%clk 1:31:48]} 5. Bd2 {[%clk 1:31:46]} Bg7
{[%clk 1:30:48]} 6. e4 {[%clk 1:31:57]} Nxc3 {[%clk 1:31:12]} 7. Bxc3
{[%clk 1:32:19]} O-O {[%clk 1:28:47]} 8. Nf3 {[%clk 1:31:27]} c5 {[%clk 1:25:40]}
9. d5 {[%clk 1:31:48]} Bxc3+ {[%clk 1:14:26]} 10. bxc3 {[%clk 1:32:07]} Bg4
{[%clk 1:14:22]} 11. Be2 {[%clk 1:31:21]} Bxf3 {[%clk 1:13:51]} 12. Bxf3
{[%clk 1:31:41]} Qa5 {[%clk 1:14:15]} 13. Qc2 {[%clk 1:25:05]} Nd7
{[%clk 1:13:30]} 14. O-O {[%clk 1:23:49]} Qc7 {[%clk 1:08:33]} 15. c4
{[%clk 1:17:56]} Qe5 {[%clk 0:55:40]} 16. Rab1 {[%clk 1:12:40]} b6
{[%clk 0:54:55]} 17. g3 {[%clk 1:07:55]} g5 {[%clk 0:46:37]} 18. h3
{[%clk 0:54:14]} Nf6 {[%clk 0:45:35]} 19. Qe2 {[%clk 0:39:12]} Ne8
{[%clk 0:45:15]} 20. Bg2 {[%clk 0:35:23]} Nd6 {[%clk 0:41:23]} 21. Rbd1
{[%clk 0:31:05]} Nf5 {[%clk 0:36:37]} 22. Qg4 {[%clk 0:30:03]} Nh6
{[%clk 0:32:41]} 23. Qh5 {[%clk 0:29:53]} Qg7 {[%clk 0:32:56]} 24. d6
{[%clk 0:24:07]} exd6 {[%clk 0:30:50]} 25. Rxd6 {[%clk 0:24:22]} f6
{[%clk 0:30:13]} 26. e5 {[%clk 0:23:59]} Rab8 {[%clk 0:27:01]} 27. Be4
{[%clk 0:20:46]} Kh8 {[%clk 0:25:56]} 28. Rfd1 {[%clk 0:18:02]} f5
{[%clk 0:23:57]} 29. Rd7 {[%clk 0:13:47]} Qg6 {[%clk 0:19:43]} 30. Qxg6
{[%clk 0:14:09]} hxg6 {[%clk 0:20:09]} 31. Bd5 {[%clk 0:14:27]} Ng8
{[%clk 0:14:17]} 32. Rxa7 {[%clk 0:13:39]} Rfe8 {[%clk 0:13:21]} 33. Bxg8
{[%clk 0:09:22]} Kxg8 {[%clk 0:13:39]} 34. Rd6 {[%clk 0:09:30]} Rxe5
{[%clk 0:12:51]} 35. Rxg6+ {[%clk 0:09:54]} Kh8 {[%clk 0:13:10]} 36. Rxg5
{[%clk 0:10:08]} Re4 {[%clk 0:13:26]} 37. Rxf5 {[%clk 0:07:56]} Rxc4
{[%clk 0:13:51]} 38. g4 {[%clk 0:06:55]} Rc8 {[%clk 0:12:53]} 39. Rff7
{[%clk 0:06:48]} Rc2 {[%clk 0:12:48]} 40. g5 {[%clk 0:06:03]} c4 {[%clk 0:11:36]}
41. h4 {[%clk 0:00:43]} c3 {[%clk 0:11:41]} 42. Rfc7 {[%clk 0:30:22]} Rxc7
{[%clk 0:38:21]} 43. Rxc7 {[%clk 0:30:19]} b5 {[%clk 0:38:45]} 44. a3
{[%clk 0:30:07]} 1-0

[Event "escc2023_65"]
[Site "?"]
[Date "2023.05.31"]
[Round "6.9"]
[White "Fischdick, Gisela"]
[Black "Ubezio, Marco"]
[Result "1/2-1/2"]
[BlackElo "2112"]
[WhiteElo "2205"]
[LiveChessVersion "1.4.8"]

1. Nf3 {[%clk 1:30:56]} d5 {[%clk 1:30:51]} 2. d4 {[%clk 1:30:48]} c5
{[%clk 1:30:48]} 3. e3 {[%clk 1:25:26]} Nf6 {[%clk 1:31:03]} 4. c3
{[%clk 1:17:41]} Qc7 {[%clk 1:31:17]} 5. Bd3 {[%clk 1:14:35]} Bg4
{[%clk 1:31:16]} 6. h3 {[%clk 1:13:56]} Bxf3 {[%clk 1:30:12]} 7. Qxf3
{[%clk 1:14:05]} Nc6 {[%clk 1:30:12]} 8. O-O {[%clk 1:13:24]} e6 {[%clk 1:24:10]}
9. Nd2 {[%clk 1:10:56]} Bd6 {[%clk 1:22:28]} 10. Qe2 {[%clk 1:07:01]} O-O
{[%clk 1:21:06]} 11. dxc5 Bxc5 {[%clk 1:21:28]} 12. e4 {[%clk 0:55:19]} Ne5
{[%clk 1:15:07]} 13. exd5 {[%clk 0:50:46]} Rad8 {[%clk 1:08:31]} 14. Bc2
{[%clk 0:46:12]} exd5 {[%clk 1:01:51]} 15. Nb3 {[%clk 0:42:17]} Ng6
{[%clk 0:49:36]} 16. Nxc5 {[%clk 0:39:34]} Qxc5 {[%clk 0:41:14]} 17. Be3
{[%clk 0:38:09]} Rfe8 {[%clk 0:40:09]} 18. Bxg6 {[%clk 0:24:15]} hxg6
{[%clk 0:40:06]} 19. Bxc5 {[%clk 0:23:04]} Rxe2 {[%clk 0:39:47]} 20. Bxa7
{[%clk 0:22:14]} Rxb2 {[%clk 0:39:47]} 21. Rfb1 {[%clk 0:20:49]} 1/2-1/2

[Event "escc2023_65"]
[Site "?"]
[Date "2023.05.31"]
[Round "6.10"]
[White "Brongers, Henk"]
[Black "Chapman, Terry P D"]
[Result "0-1"]
[BlackElo "2204"]
[WhiteElo "2036"]
[LiveChessVersion "1.4.8"]

1. e4 {[%clk 1:29:48]} d6 {[%clk 1:30:55]} 2. d4 {[%clk 1:29:41]} Nf6
{[%clk 1:31:20]} 3. Nc3 {[%clk 1:30:04]} c6 {[%clk 1:31:47]} 4. f4
{[%clk 1:29:39]} Qa5 {[%clk 1:32:10]} 5. Bd3 {[%clk 1:29:45]} e5 {[%clk 1:32:32]}
6. Nf3 {[%clk 1:29:36]} Nbd7 {[%clk 1:32:54]} 7. O-O {[%clk 1:25:06]} Be7
{[%clk 1:33:14]} 8. Kh1 {[%clk 1:24:33]} O-O {[%clk 1:33:33]} 9. dxe5
{[%clk 1:19:48]} dxe5 {[%clk 1:33:51]} 10. f5 {[%clk 1:18:44]} b5
{[%clk 1:30:31]} 11. Qe2 {[%clk 1:16:34]} Qc7 {[%clk 1:28:59]} 12. g4
{[%clk 1:16:11]} Rd8 {[%clk 1:19:21]} 13. g5 {[%clk 1:05:00]} Ne8
{[%clk 1:19:46]} 14. Rg1 {[%clk 0:53:24]} Nc5 {[%clk 1:17:26]} 15. g6
{[%clk 0:47:44]} fxg6 {[%clk 1:16:51]} 16. fxg6 {[%clk 0:44:28]} h6
{[%clk 1:08:45]} 17. Nd1 {[%clk 0:32:54]} Nxd3 {[%clk 1:00:58]} 18. cxd3
{[%clk 0:33:15]} Be6 {[%clk 0:58:14]} 19. b3 {[%clk 0:30:18]} Nf6
{[%clk 0:45:13]} 20. Bb2 {[%clk 0:21:29]} Nd7 {[%clk 0:45:12]} 21. Ne3
{[%clk 0:19:55]} Bc5 {[%clk 0:35:50]} 22. Rac1 {[%clk 0:19:21]} Qd6
{[%clk 0:34:22]} 23. Rg3 {[%clk 0:15:51]} Bxe3 {[%clk 0:32:32]} 24. Qxe3
{[%clk 0:16:00]} c5 {[%clk 0:30:24]} 25. Rgg1 {[%clk 0:14:31]} a5
{[%clk 0:30:05]} 26. h4 {[%clk 0:13:04]} b4 {[%clk 0:29:06]} 27. Ra1
{[%clk 0:07:25]} a4 {[%clk 0:22:31]} 28. bxa4 {[%clk 0:07:07]} Rxa4
{[%clk 0:22:52]} 29. a3 {[%clk 0:07:29]} b3 {[%clk 0:20:41]} 30. Rad1
{[%clk 0:06:49]} Rf8 {[%clk 0:20:36]} 31. Qf2 {[%clk 0:04:42]} c4
{[%clk 0:17:02]} 32. dxc4 {[%clk 0:03:32]} Qc6 {[%clk 0:17:28]} 33. Qe2
{[%clk 0:02:27]} Rxc4 {[%clk 0:17:01]} 34. Rc1 {[%clk 0:01:45]} Qxe4
{[%clk 0:15:43]} 35. Qxe4 {[%clk 0:01:43]} Rxe4 {[%clk 0:16:12]} 36. Rg3
{[%clk 0:01:42]} Re2 {[%clk 0:15:24]} 37. Rb1 {[%clk 0:02:09]} Bd5
{[%clk 0:14:47]} 0-1

[Event "escc2023_65"]
[Site "?"]
[Date "2023.05.31"]
[Round "6.11"]
[White "Wengholm, Anders"]
[Black "Biro, Sandor"]
[Result "1/2-1/2"]
[BlackElo "2089"]
[WhiteElo "2167"]
[LiveChessVersion "1.4.8"]

1. Nf3 {[%clk 1:30:49]} Nf6 {[%clk 1:30:20]} 2. c4 {[%clk 1:31:07]} g6
{[%clk 1:30:44]} 3. Nc3 {[%clk 1:31:23]} d5 {[%clk 1:31:07]} 4. cxd5
{[%clk 1:31:41]} Nxd5 {[%clk 1:31:29]} 5. d4 {[%clk 1:31:50]} Bg7
{[%clk 1:31:50]} 6. e4 {[%clk 1:31:52]} Nxc3 {[%clk 1:32:14]} 7. bxc3
{[%clk 1:32:15]} O-O {[%clk 1:32:13]} 8. Be3 {[%clk 1:32:11]} c5 {[%clk 1:32:29]}
9. Qd2 {[%clk 1:31:51]} Qa5 {[%clk 1:32:26]} 10. Rb1 {[%clk 1:31:16]} a6
{[%clk 1:29:46]} 11. Rc1 {[%clk 1:31:10]} Nc6 {[%clk 1:26:51]} 12. d5
{[%clk 1:29:31]} Rd8 {[%clk 1:27:06]} 13. Be2 {[%clk 1:27:01]} Bg4
{[%clk 1:17:50]} 14. O-O {[%clk 1:19:14]} Rac8 {[%clk 1:09:02]} 15. Rfd1
{[%clk 1:16:33]} e6 {[%clk 1:02:50]} 16. Ng5 {[%clk 1:08:19]} Bxe2
{[%clk 0:59:30]} 17. Qxe2 {[%clk 1:08:42]} exd5 {[%clk 0:59:22]} 18. exd5
{[%clk 1:09:03]} Ne5 {[%clk 0:52:17]} 19. Bf4 {[%clk 0:43:56]} Re8
{[%clk 0:50:12]} 20. Ne4 {[%clk 0:34:31]} Qa4 {[%clk 0:31:05]} 21. c4
{[%clk 0:21:49]} Qd7 {[%clk 0:28:11]} 22. Bg3 {[%clk 0:04:25]} h6
{[%clk 0:25:37]} 23. Qf1 {[%clk 0:03:57]} f5 {[%clk 0:23:59]} 24. Nc3
{[%clk 0:04:09]} Nf7 {[%clk 0:15:49]} 25. f3 {[%clk 0:03:58]} Re3
{[%clk 0:11:33]} 26. Ne2 {[%clk 0:03:49]} g5 {[%clk 0:11:23]} 27. Bf2
{[%clk 0:02:47]} Ra3 {[%clk 0:11:30]} 28. Rc2 {[%clk 0:02:51]} Qa4
{[%clk 0:11:03]} 29. Rdd2 {[%clk 0:03:04]} Ne5 {[%clk 0:05:13]} 30. Nc1
{[%clk 0:02:39]} 1/2-1/2